|
|
|
|
| LEADER |
00729nam a2200193 u 4500 |
| 001 |
10110246 |
| 003 |
GR-PaULI |
| 005 |
20220412140804.0 |
| 008 |
130626s1964 fr fre |
| 952 |
|
|
|0 0
|1 0
|2 ddc
|4 0
|6 843_912000000000000_BRE
|7 0
|9 325638
|a LISP
|b LISP
|c DON
|d 2021-06-04
|e ΧΡΙ
|i 144176
|l 0
|o 843.912 BRE
|p 025000270306
|r 2021-06-04 00:00:00
|t 1
|w 2021-06-04
|y BKN
|
| 999 |
|
|
|c 182841
|d 182841
|
| 040 |
|
|
|a GR-PaULI
|c GR-PaULI
|b gre
|e AACR2
|
| 082 |
0 |
4 |
|a 843.912
|2 23
|
| 100 |
1 |
|
|a Breton, Andre,
|d 1896-1966
|4
|e συγγραφέας.
|9 26481
|
| 245 |
1 |
0 |
|a Nadja /
|c Andre Breton.
|c
|
| 260 |
|
|
|a Paris :
|b Gallimard,
|c 1964.
|
| 300 |
|
|
|a 189 σ. :
|b εικ. ;
|c 18 εκ.
|
| 942 |
|
|
|2 ddc
|c BKN
|
| 998 |
|
|
|c ΜΠΟΥΡΑΣ
|d 2021-06
|